FUTBOL CARTILLA - 6o. (Registro nro. 25050)
[ vista simple ]
| 000 -CABECERA | |
|---|---|
| Longitud fija campo de control | 00979nam a2200229 a 4500 |
| 003 - • IDENTIFICADOR DELl NÚMERO DE CONTROL | |
| Identificador del número de control | CO-ViMGA |
| 008 - • CÓDIGOS DE INFORMACIÓN DE LONGITUD FIJA | |
| Códigos de información de longitud fija | 141112s2004 ck r 000 u spa d |
| 020 ## - • NÚMERO INTERNACIONAL NORMALIZADO PARA LIBROS | |
| Número Internacional Normalizado para Libros (ISBN) | 11352817 |
| 040 ## - FUENTE DE LA CATALOGACIÓN | |
| Centro catalogador de origen | CO-ViMGA |
| Lengua de catalogación | spa |
| Centro transcriptor | CO-ViMGA |
| 110 ## - • PUNTO DE ACCESO PRINCIPAL-NOMBRE DE ENTIDAD CORPORATIVA | |
| Nombre de entidad corporativa o nombre de jurisdicción como elemento inicial | WANCEULEN |
| 245 10 - • TITULO PROPIAMENTE DICHO | |
| Título | FUTBOL CARTILLA - 6o. |
| 300 ## - • DESCRIPCIÓN FÍSICA | |
| Extensión | 64.p.il. |
| 490 ## - • MENCIÓN DE SERIE | |
| Mención de serie | Cuadernos tecnicos |
| 500 ## - • NOTA GENERAL | |
| Nota general | Fecha : DIC - 1996 |
| 505 ## - • NOTA DE CONTENIDO CON FORMATO | |
| Nota de contenido con formato | Fuera de juego : Propuesta metodológica de trabajo a nivel de ataque Fuera de juego : Propuesta metodológica de trabajo a nivel defensivo. Análisis táctico - defensivo del fuera de juego directo e indirecto Desarrollo del trabajo practico para equipos cadetes III El deporte escolar La estructura energética y condicional del fútbol II Anemia del deportista : Detección, actuaciones y adaptaciones |
| 650 14 - • PUNTO DE ACCESO ADICIONAL DE MATERIA - TÉRMINO DE MATERIA | |
| Término de materia o nombre geográfico como elemento inicial | ENTRENAMIENTO |
| 650 14 - • PUNTO DE ACCESO ADICIONAL DE MATERIA - TÉRMINO DE MATERIA | |
| Término de materia o nombre geográfico como elemento inicial | FUTBOL |
| 650 14 - • PUNTO DE ACCESO ADICIONAL DE MATERIA - TÉRMINO DE MATERIA | |
| Término de materia o nombre geográfico como elemento inicial | TECNICAS |
| 942 ## - ENTRADA DE ELEMENTOS AGREGADOS (KOHA) | |
| Fuente de clasificaión o esquema | Dewey Decimal Classification |
| Koha [por defecto] tipo de item | LIbro |
| Perdido | Fuente de clasificación o esquema | Estado Físico | No para préstamo | Forma de adquisición | Localización permanente | Localización actual | Fecha adquisición | Serie de enumeración / cronolog&íacute;a | Préstamos totales | Código de barras | Fecha última consulta | Número de copia | Fecha del precio de reemplazo | Tipo de item de Koha |
|---|---|---|---|---|---|---|---|---|---|---|---|---|---|---|
| Dewey Decimal Classification | Sala Infantil Segundo Piso | Biblioteca Pública Germán Arciniegas - Villavicencio | Biblioteca Pública Germán Arciniegas - Villavicencio | 12/04/2015 | Volumen. 1 | 11/jun/2009 | 14373 | 12/04/2015 | Ej. 1 | 12/04/2015 | LIbro |